00849nam a2200241 a 4500008004100000020003100041040002500072041001300097044001100110080001200121100003900133245009800172250001300270260005300283300002800336490001700364500005100381700003200432700002400464958000600488999001700494952009600511951214s1988||||[C 0 slo c c21 Kčs. q(5000 výtl.) aSNKbslocSNKeAACR21 aslohslo axocSK a885.4-31 aMoravčík, Štefand1943-4aut10aSedlácib(Próza nás hriešnych)cŠtefan Moravčík ; Bohumil Bača, Pavol Blažo a1., vyd. aBratislavabSmenac1988eMartinfTlačiarne SNP a197 s., 10,59 AHc19 cm0 aErbvZv. 47. aRozlož. ilustr. tit. list. Ilustr. na front.1 aBača, Bohumild1943-4bkd1 aBlažo, Pavol4bkd aA c12240d12240 001040708Ka10000b10000d2019-11-29g21.00i11534oB 5660r2019-11-29w2019-11-29yKLDO